Statistics for Multiple Choice Numbers #1

Click here to take the quiz!

General Stats

  • This quiz has been taken 35,241 times
  • The average score is 13 of 18

Answer Stats

QuestionAnswer% Correct
Number of countries in the world, according to JetPunk196
98%
Bones in the average adult human body206
93%
Age at which Jimi Hendrix, Janis Joplin, Jim Morrison, and Amy Winehouse died27
84%
Players per team on the field in international football11
83%
Stars in the Milky Way100 billion – 400 billion
81%
Approximate number of years since the Big Bang13.8 billion
80%
The first number that has a C in it when spelled out1,000,000,000,000,000,000,000,000,000
79%
Teeth in the adult human mouth, including wisdom teeth32
78%
Labors performed by Hercules12
74%
Estimated magnitude of the 1960 Great Chilean earthquake, the strongest ever measured9.5
66%
Number represented by the Roman Numeral D500
65%
Elevation of Mount Everest in meters8,848
63%
Stars on the flag of China5
61%
Number of people killed by James Bond in his 24 movies through 2020597
55%
Unlucky number in China4
53%
Number that represents one "gross"144
52%
Number of seconds it takes light from the Sun to reach the Earth500
47%
Median age of people in Uganda15.7 years
43%

Score Distribution

Percentile by Number Answered

Percent of People with Each Score

Your Score History

You have not taken this quiz